Modern and postmodern social theorizing (Record no. 1848269)
[ view plain ]
| 000 -LEADER | |
|---|---|
| fixed length control field | 01584nam a22002177a 4500 |
| 005 - DATE AND TIME OF LATEST TRANSACTION | |
| control field | 20260416100135.0 |
| 008 - FIXED-LENGTH DATA ELEMENTS--GENERAL INFORMATION | |
| fixed length control field | 260416b |||||||| |||| 00| 0 eng d |
| 020 ## - INTERNATIONAL STANDARD BOOK NUMBER | |
| International Standard Book Number | 9780521731539 |
| 037 ## - SOURCE OF ACQUISITION | |
| Terms of availability | Texual |
| 040 ## - CATALOGING SOURCE | |
| Original cataloging agency | RTl |
| Transcribing agency | RTL |
| 084 ## - COLON CLASSIFICATION NUMBER | |
| Assigning agency | RTL |
| 100 ## - MAIN ENTRY--PERSONAL NAME | |
| Personal name | Mouzelis, Nicos P. |
| 9 (RLIN) | 1234895 |
| 245 ## - TITLE STATEMENT | |
| Title | Modern and postmodern social theorizing |
| 260 ## - PUBLICATION, DISTRIBUTION, ETC. | |
| Place of publication, distribution, etc. | Cambridge |
| Name of publisher, distributor, etc. | Cambridge University Press |
| Date of publication, distribution, etc. | 2008 |
| 300 ## - PHYSICAL DESCRIPTION | |
| Other physical details | xiii, 311p. |
| Dimensions | Includes bibliographical references and index |
| 520 ## - SUMMARY, ETC. | |
| Summary, etc. | There is a growing conflict between modern and postmodern social theorists. The latter reject modern approaches as economistic, essentialist and often leading to authoritarian policies. Modernists criticize postmodern approaches for their rejection of holistic conceptual frameworks which facilitate an overall picture of how social wholes (organizations, communities, nation-states, etc.) are constituted, reproduced and transformed. They believe the rejection of holistic methodologies leads to social myopia - a refusal to explore critically the type of broad problems that classical sociology deals with. This book attempts to bridge the divide between these two conflicting perspectives and proposes a novel holistic framework which is neither reductionist/economistic nor essentialist. Modern and Postmodern Social Theorizing will appeal to scholars and students of social theory and of social sciences in general. |
| 650 ## - SUBJECT ADDED ENTRY--TOPICAL TERM | |
| Topical term or geographic name entry element | Postmodernism-Social aspects |
| 9 (RLIN) | 1234896 |
| 650 ## - SUBJECT ADDED ENTRY--TOPICAL TERM | |
| Topical term or geographic name entry element | Sociology-Methodology |
| 9 (RLIN) | 1234897 |
| 650 ## - SUBJECT ADDED ENTRY--TOPICAL TERM | |
| Topical term or geographic name entry element | Sociology-Philosophy |
| 9 (RLIN) | 1234898 |
| 942 ## - ADDED ENTRY ELEMENTS (KOHA) | |
| Source of classification or shelving scheme | Colon Classification (CC) |
| Koha item type | Textbook |
| Suppress in OPAC | No |
| Withdrawn status | Lost status | Source of classification or shelving scheme | Damaged status | Not for loan | Home library | Current library | Date acquired | Total Checkouts | Barcode | Date last seen | Price effective from | Koha item type |
|---|---|---|---|---|---|---|---|---|---|---|---|---|
| Colon Classification (CC) | Ratan Tata Library | Ratan Tata Library | 2026-04-16 | RT1528766 | 2026-04-16 | 2026-04-16 | Textbook |
